Niektoré vlastnosti ortonormálnych polynómov istého typu

Bibliographic Details
Main Authors: Šedivý, Ondrej, 1935-2024 (Author), Višňovský, R. (Author)
Format: Article
Language:Slovak
PhysicalDescription:Res. angl., rus., lit. 5 zázn. slov., češ., ruš.
Subjects:

MARC

LEADER 00000nab a2200000 a 4500
001 vtls000412074
003 SK-MaSNL
005 20260515034605.0
008 160204c1988 xo 0 slo
015 |a SNBRA19rr/mm-uuuuu 
035 |a CL0412199 
040 |a SNKBUCL  |b slo  |c SNKBUCL  |e AACR2 
041 0 |a slo 
044 |a xo  |c SK 
080 |a 517.18:517.58  |2 1981 
080 |a 517.58  |2 1981 
100 1 |a Šedivý, Ondrej,  |d 1935-2024  |4 aut  |9 215415 
245 1 0 |a Niektoré vlastnosti ortonormálnych polynómov istého typu  |c O. Šedivý, R. Višňovský 
300 |b Res. angl., rus., lit. 5 zázn. slov., češ., ruš. 
650 0 7 |a ortonormálne polynómy  |2 snkbucl  |9 1239846 
650 0 7 |a váhová funkcia  |2 snkbucl  |9 1239847 
655 7 |a články zo zborníkov  |2 snkbucl  |9 166140 
700 1 |a Višňovský, R.  |4 aut  |9 1239848 
773 0 |t Zborník Pedagogickej fakulty v Nitre. 4. Matematika  |d Nitra : Pedagogická fakulta, 1988  |g S. 5-12 
850 |a Slovenská národná knižnica v Martine  |a MTA001 
852 |a SNK  |b KIS3GCP 
958 |a NB 
958 |a RK 
992 |a RZB 
999 |c 2194713  |d 2196643